[Event "Camaguey Altuna Memorial tt 1st"]
[Site "Camaguey"]
[Date "2017.11.28"]
[Round "1.2"]
[White "Heredia Perez, Hector"]
[Black "Cazulo Ramirez, Jesus David"]
[Result "1-0"]
[WhiteElo "2256"]
[BlackElo "2205"]
[PlyCount "71"]
[EventDate "2017.11.28"]
[EventType "team-tourn"]
[EventRounds "10"]
[EventCountry "CUB"]
[SourceTitle "EXT 2024"]
[Source "ChessBase"]
[SourceDate "2023.10.10"]
[SourceVersion "1"]
[SourceVersionDate "2023.10.10"]
[SourceQuality "1"]

1. e4 e5 2. Nf3 Nc6 3. Bb5 a6 4. Ba4 Nf6 5. Bxc6 bxc6 6. Nc3 Bb4 7. 0-0 0-0 8. Nxe5 Bxc3 9. bxc3 Nxe4 10. Re1 Nd6 11. Qh5 f6 12. Nf3 Nf7 13. Nd4 g6 14. Qh4 c5 15. Nb3 d6 16. d4 cxd4 17. cxd4 c6 18. Bb2 Bf5 19. d5 g5 20. Qg3 c5 21. h4 h6 22. hxg5 hxg5 23. f4 g4 24. Qh4 Kg7 25. Re6 Nh8 26. Qg5+ Bg6 27. Qxg4 Kh7 28. f5 Be8 29. Kf2 Ng6 30. fxg6+ Kg7 31. Qh4 Bxg6 32. Rh1 Rb8 33. g4 Rb4 34. Qh6+ Kf7 35. Bxf6 Qc8 36. Qg7# 1-0